1615 1993 1054 1503 1487 1835 1923 1247 1979 1336 1169 1237 1948 1078 1980 1287 1411 1274 1508 1515 1570 1538 1426 1166 1099 1525 1168 1324 1079 1373 1169 1653 1941 1045 1705 1444 1911 1768 1767 1741 1436 1134 1027 1720 1862 1165 1754 1611 1745 1144 1216 1725 1570 1463 1425 1202 1469 1466 1796 1604 1279 1688 1587 1729 1955 1782 1461 1298 1998 1367 1965 1285 1908 1932 1938 1360 1304 1250 1347 1224 1852 1472 1512 1343 1531 1934 1280 1931 1970 1891 1397 1123 1300 1594 1352 1948 1824 1516 1190 BCNSPRNW ULIB Ver.6.0+V

เปลี่ยนเป็นภาษาไทย

Change to English
 แสดงรายละเอียดบรรณานุกรม
  กลับหน้าหลัก

Brief Record : Get Marc (ISO 2709) : E-mail record : QR code < ปิดหน้าต่าง
LEADER : 00000nam 2200000uu 4500
001    13399109709
003     ULIB
008    110314s2542||||th 000 0 tha d
060  4 WC3^bค64ส 2542
110 1  เครือข่ายการปรึกษาเรื่องเอดส์ เขต10
245 00 สรุปการประชุมวิชาการบูรณาการบริการปรึกษาสู่ระบบสาธารณสุข ปี 2000/^cเครือข่ายการปรึกษาเรื่องเอดส์ เขต10
260    เชียงใหม่:^bเครือข่ายการปรึกษาเรื่องเอดส์ เขต10,^c2542
300    100 หน้า
650  7 เอดส์^xการประชุมวิชาการ
945    ^p0^l0^i011761
945    ^p0^l0^i011760
995    ทศพร
999 ^a ใช้งานได้ทุกระบบ
รายการนี้ยังไม่มีแท็ก
คุณยังไม่ได้ล็อกอิน คุณสามารถมีกิจกรรมร่วมกับเว็บไซต์ได้ แต่ต้องล็อกอินก่อน ::
  ล็อกอิน

รายการสื่อสารสนเทศ

ลำดับที่ ประเภท เลขเรียก/บาร์โค้ด สถานที่ สถานะ
- ไม่พบข้อมูล -

BibComment


ยังไม่เคยถูกคอมเมนท์

คอมเมนท์ทรัพยากรรายการนี้
  คอมเมนท์: สรุปการประชุมวิชา..


 Copyright 2026. Bcnsprnw @Library